Qué es la programación lineal /
Guardado en:
| Autor Principal: | |
|---|---|
| Formato: | Libro |
| Idioma: | Spanish Russian |
| Publicado: |
Moscú :
Mir,
c1977.
|
| Series: | Lecciones populares de matemáticas.
|
| Etiquetas: |
Agregar Etiqueta
Sin Etiquetas, Sea el primero en etiquetar este registro!
|
| LEADER | 00649nam a22001815a 4500 | ||
|---|---|---|---|
| 001 | MAT.inmabb006652 | ||
| 008 | 120814s1977####ru#a##########000#0#spa#d | ||
| 005 | 20151116185357.0 | ||
| 245 | 1 | 0 | |a Qué es la programación lineal / |c A. S. Bársov ; [traducido del ruso por Bernardo del Río Salceda]. |
| 260 | |a Moscú : |b Mir, |c c1977. | ||
| 300 | |a 112 p. : |b il. ; |c 20 cm. | ||
| 490 | 1 | |a Lecciones populares de matemáticas | |
| 100 | 1 | |a Barsov, A. S. | |
| 240 | 1 | 0 | |a Chto takoe lineinoe programmirovanie. |l Español |
| 830 | 0 | |a Lecciones populares de matemáticas. | |
| 084 | |a 90-01 (90Cxx) |2 msc2000 | ||
| 041 | 1 | |a spa |h rus | |
| 859 | |h 90 |i B282e |p A-8649 |b BIB. MATEMATICA | ||
